000
00212nam a22000977a 4500
999
_c
16283
_d
16283
003
OSt
008
200717b ||||| |||| 00| 0 eng d
100
_a
Radhakrishnan
_9
4670
245
_a
Banking/Currency
942
_c
BK